| LEADER |
01176nam0a2200229 450 |
| 001 |
16867817 |
| 010 |
|
|
|a 978-2-8222-4740-5
|b cart.
|d 11,95
|
| 100 |
|
|
|a 20250616d2025 u u0frey01 ba
|
| 101 |
0 |
|
|a fre
|
| 102 |
|
|
|a FR
|
| 200 |
0 |
|
|a Coeur flocon
|f adaptation BD Véronique Grisseaux
|g d'après un roman de Cathy Cassidy
|
| 207 |
|
1 |
|a
|
| 210 |
|
|
|a Bruxelles
|c Jungle
|d 2025
|
| 215 |
|
|
|a 1 vol. (48 p.)
|c illustrations en couleur
|d 31 x 23 cm
|
| 225 |
1 |
|
|a Miss Jungle
|
| 330 |
|
|
|a Coco, la plus écolo des soeurs Tanberry, a recueilli un cacatoès. A cette occasion, elle rencontre Jon, le neveu de la vétérinaire, venu faire un stage. Ce qu'elle ressent alors lui fait réaliser que Stevie, son compagnon de toujours, est devenu un meilleur ami plus qu'un amoureux. A l'approche de la grande fête de Noël du village, il est temps pour elle de mettre de l'ordre dans son coeur.
|
| 461 |
|
0 |
|t Les Filles au chocolat
|v 15
|
| 700 |
|
0 |
|a Grisseaux
|b Véronique
|f 1959-....
|4 70
|
| 701 |
|
0 |
|a Cassidy
|b Cathy
|4 100
|
| 900 |
|
|
|a Bande Dessinée (enfants)
|
| 901 |
|
|
|a Jeunesse
|
| 995 |
|
|
|a Médiathèque
|c Médiathèque
|f 00156008864209
|h 00156008864209
|k BD FIL
|o p
|q j
|r az
|e Médiathèque
|